• 首页
  • 本馆介绍
  • 公告通知
  • 最新文献
  • 馆藏检索
  • 电子资源
  • 读者导购
  • 参考咨询
  • 我的图书馆
  • 登录
  • 详细信息显示
  • 放入我的书架
  • 预约/预借图书
  • 作者相关作品
  • 分类相关作品
  • 丛书相关作品
  • 出版社相关作品

书目信息

  • 表格格式
  • 工作单格式
  • 卡片格式
题名:
暴走南中国
    
 
作者: 阿坚 著
分册:  
出版信息: 北京   中华工商联合出版社  2003
页数: 282页
开本: 21cm
丛书名:
单 册:
中图分类: I267.4
科图分类:
主题词: 游记--中国--现代--选集 , 游记
电子资源:
ISBN: 7-80100-966-5
000 00844nam0 2200253 450
001 002533448
005 20070108101652.71
010    @a7-80100-966-5@dCNY19.00
092    @aCN@b470803
100    @a20031218d2003 em y0chiy0110 ea
101 0  @achi
102    @aCN@b110000
105    @aa z 000cy
200 1  @a暴走南中国@9bao zou nan zhong guo@e我在南方的民间旅行@f阿坚著
210    @a北京@c中华工商联合出版社@d2003
215    @a282页@c照片@d21cm
330    @a该书讲述了作者在南方的民间旅行全过程。内容涵盖“驾车驶过粤桂黔湘”、“蜀道驿路六日步行记”、“在闽省”、“在浙南及南京”等八个专栏。
517 1  @a我在南方的民间旅行@9wo zai nan fang de min jian lv xing
606 0  @a游记@y中国@z现代@j选集
606 0  @a游记
690    @aI267.4@v4
701  0 @a阿坚@9a jian@4著
801  0 @aCN@bNLC@c20070108
905    @a10447@dI267.4@e1143
    
    暴走南中国:我在南方的民间旅行/阿坚著.-北京:中华工商联合出版社,2003
    282页:照片;21cm
    
    
    ISBN 7-80100-966-5:CNY19.00
    该书讲述了作者在南方的民间旅行全过程。内容涵盖“驾车驶过粤桂黔湘”、“蜀道驿路六日步行记”、“在闽省”、“在浙南及南京”等八个专栏。
●
相关链接 在E读中查询图书 在五车中查询图书 在当当中查询图书 在豆瓣中查询图书


正题名:暴走南中国     索取号:I267.4/1143         预约/预借

序号 登录号 条形码 馆藏地/架位号 状态 备注
1 0565613   205656137   第一样本阅览室/ [索取号:I267.4/1143] 在馆    
2 0565614   205656146   第二借阅区/ [索取号:I267.4/1143] 在馆    
3 0565615   205656155   第二借阅区/ [索取号:I267.4/1143] 在馆    
4 0565616   205656164   第二借阅区/ [索取号:I267.4/1143] 在馆    
5 0565617   205656173   第二借阅区/ [索取号:I267.4/1143] 在馆    
6 0565618   205656182   第二借阅区/ [索取号:I267.4/1143] 在馆    
唐山师范学院图书馆 欢迎您!
大连网信软件有限公司© 版权所有